• 首页
  • 本馆介绍
  • 公告通知
  • 最新文献
  • 馆藏检索
  • 电子资源
  • 读者导购
  • 参考咨询
  • 我的图书馆
  • 登录
  • 详细信息显示
  • 放入我的书架
  • 预约/预借图书
  • 作者相关作品
  • 分类相关作品
  • 丛书相关作品
  • 出版社相关作品

书目信息

  • 表格格式
  • 工作单格式
  • 卡片格式
题名:
大学外语教学改革研究
    
 
作者: 王守仁 , 王海啸 主编
分册:  
出版信息: 北京   高等教育出版社  2013.05
页数: 259页
开本: 24cm
丛书名:
单 册:
中图分类: H319.1
科图分类:
主题词: 英语--教学改革--研究--高等学校 , 英语 , 教学改革
电子资源:
ISBN: 978-7-04-037285-4
000 01082nam0 2200277 450
001 006041159
005 20130911095121.70
010    @a978-7-04-037285-4@dCNY48.00
100    @a20130703d2013 em y0chiy0110 ea
101 0  @achi
102    @aCN@b110000
105    @aak z 000yy
106    @ar
200 1  @a大学外语教学改革研究@9da xue wai yu jiao xue gai ge yan jiu@dStudies in college foreign language teaching reform@f王守仁,王海啸主编@zeng
210    @a北京@c高等教育出版社@d2013.05
215    @a259页@c图@d24cm
330    @a本书内容涉及教学大纲、教学模式、教材和网络教室平台、教学评估、师资队伍等诸多方面。主要包括我国大学英语教学改革与现状调查、我国大学德语教学改革与现状调查、我国大学俄语教学改革与现状调查等内容。
510 1  @aStudies in college foreign language teaching reform@zeng
606 0  @a英语@x教学改革@x研究@x高等学校
606 0  @a英语
606 0  @a教学改革
690    @aH319.1@v5
701  0 @a王守仁@9wang shou ren@4主编
701  0 @a王海啸@9wang hai xiao@4主编
801  0 @aCN@b人天书店@c20130703
905    @b547459-62@dH319.1@e105@f4@xCNY48.00
    
    大学外语教学改革研究=Studies in college foreign language teaching reform/王守仁,王海啸主编.-北京:高等教育出版社,2013.05
    259页:图;24cm
    
    
    ISBN 978-7-04-037285-4:CNY48.00
    本书内容涉及教学大纲、教学模式、教材和网络教室平台、教学评估、师资队伍等诸多方面。主要包括我国大学英语教学改革与现状调查、我国大学德语教学改革与现状调查、我国大学俄语教学改革与现状调查等内容。
●
相关链接 在E读中查询图书 在五车中查询图书 在当当中查询图书 在豆瓣中查询图书


正题名:大学外语教学改革研究     索取号:H319.1/105         预约/预借

序号 登录号 条形码 馆藏地/架位号 状态 备注
1 547459   205474592   第二样本阅览室/ [索取号:H319.1/105] 在馆    
2 547460   205474609   第四借阅区/ [索取号:H319.1/105] 在馆    
3 547461   205474618   第四借阅区/ [索取号:H319.1/105] 在馆    
4 547462   205474627   第四借阅区/ [索取号:H319.1/105] 在馆    
唐山师范学院图书馆 欢迎您!
大连网信软件有限公司© 版权所有